000 00748nam a2200193Ia 4500
008 151121s9999||||xx |||||||||||||| ||und||
082 _a783।70/शर्मा
082 _bHNW-58482
100 _aशर्मा भगवतशरण
245 _aपाश्चात्य संगीत शिक्षा
260 _b"संगीत कार्यालय, हाथरस,उत्तरप्रदेश"
260 _c--
300 _a176
600 _aशर्मा भगवतशरण
630 _aपाश्चात्य संगीत शिक्षा
700 _aशर्मा भगवतशरण
730 _aपाश्चात्य संगीत शिक्षा
942 _cBOOK
999 _c1240306
_d1240303